000 00733nam a2200241Ia 4500
003 OSt
005 20240319145122.0
008 210210b2015 xxu||||| |||| 00| 0 eng d
040 _cAL
041 _aKannada
082 _aK894.309 GIRK
100 _aGIRADDI GOVINDARAJA
_dಗಿರಡ್ಡಿ ಗೋವಿಂದರಾಜ
_9155420
245 _aKadambari: vastu mattu tantra
_bಕಾದಂಬರಿ : ವಾಸ್ತು ಮತ್ತು ತಂತ್ರ
260 _aBengaluru
_bHemanta Sahitya
_c2015
300 _axii,274
650 _avastu
_9155421
650 _atantra
_9155422
650 _amattu
_9155423
650 _aKadambari:
_9155424
690 _aKannada Criticism
_9155425
906 _a071239
942 _2ddc
_cBK
999 _c120579
_d120579